| 000 | 01732cam a2200253 i 4500 | ||
|---|---|---|---|
| 020 | _a9789170812170 | ||
| 020 | _a9170812179 | ||
| 040 | _cOHX | ||
| 082 | 0 | 4 | _a938 INT 1998 C154 Or. |
| 245 | 0 | 0 |
_aAncient Cyprus today : _bmuseum collections and new research / |
| 300 |
_axv, 350 pages : _billustrations, facsimiles, maps, plans ; _c26 cm. |
||
| 490 | 1 | _aStudies in Mediterranean archaeology and literature. PB, | |
| 500 | _aThis volume is based on papers presented at a conference entitled: Ancient Cyprus Today: Museum Collections and New Research Approaches to the Archaeology of Cyprus, which was held at the Medelhavsmuseet in Stockholm, Sweden, April 25-27, 2015.--Page viii. | ||
| 520 | 8 | _aMedelhavsmuseet in Stockholm hosts the largest and most well documented collection of Cypriot antiquities in the world outside Cyprus. The museum's goal is to continuously stay in-tune with the latest research centered on its collection. The suggested conference, mostly focused on the Cypriote Bronze and Iron-Age, is part of this long-term strategy to systemize an exchange of knowledge between the museum and external Swedish and international partners. Another important component in the long term strategy is to particularly focus on young and promising Swedish and international scholars so that the research on the Cypriote collections at Medelhavsmuseet remains vital and dynamic also in the future. | |
| 650 | 0 | _aExcavations (Archaeology) | |
| 650 | 0 | _aBronze age | |
| 650 | 0 | _aIron age | |
| 650 | 0 | _aExcavations (Archaeology) | |
| 650 | 0 | _aExcavations (Archaeology) | |
| 700 | 1 | _aBourogiannis, Giorgos, | |
| 700 | 1 | _aMühlenbock, Christian, | |
| 710 | 2 | _aMedelhavsmuseet (Stockholm, Sweden), | |
| 942 | _cAEDBB | ||
| 999 |
_c18907 _d18907 |
||